000 00575nam a22001697a 4500
008 160427b xxu||||| |||| 00| 0 eng d
020 _a978-971-817-121-9
082 _22006
_aDFil 371.12076
_bP37
100 _96573
_aPeña, Adela E.
245 _aProfessional board examination for teachers:
_ba reviewer/
_cAdela E. Peña.
250 _aRevised edition.
260 _aManila:
_bBooklore Publishing Corporation,
_cc2006.
300 _a267 pages;
_c22 cm.
650 0 _96574
_aExamination, Teachers
_xReview and exercises.
650 0 _96575
_aReviewer
_xLET.
942 _2ddc
_cDFIL
999 _c2039
_d2039